=LDR 00000nam 2200000 4500 =001 INLIS000000000020047 =005 20130612115036 =008 ***********************************Ind** =035 ##$$0010-061300000020047 =041 ##$$a Ind =082 ##$$a 808.301 =090 ##$$a 808.301, Ram m =100 ##$$a Rampan, Layun Korrie =245 ##$$a Melintasi malam, Korrie Layun Rampan =260 ##$$a 2003 $b Jakarta =300 ##$$a x, 152 hlm, 17 cm =650 ##$$a Cerita pendek-Kumpulan =850 ##$$a NBPNMAT